London Underground Stations that Starts with S - Statistics

General Stats
  • This quiz has been taken 8 times
  • The average score is 25 of 48
Answer Stats
Answer % Correct
Shadwell
86%
South Ealing
86%
South Harrow
86%
Stockwell
86%
Swiss Cottage
86%
Seven Sisters
71%
Shepherd's Bush
71%
South Kensington
71%
South Ruislip
71%
St. James's Park
71%
Stratford
71%
Shenfield
57%
Shepherd's Bush Market
57%
Slough
57%
South Acton
57%
Southfields
57%
Southgate
57%
South Wimbledon
57%
St. John's Wood
57%
Stonebridge Park
57%
St. Paul's
57%
Stratford High Street
57%
Stratford International
57%
Sudbury Hill
57%
Shoreditch High Street
43%
Sloane Square
43%
Snaresbrook
43%
South Kenton
43%
South Quay
43%
South Tottenham
43%
Southwark
43%
Stamford Brook
43%
Stamford Hill
43%
Stanmore
43%
Star Lane
43%
St James Street
43%
Stoke Newington
43%
Sudbury Town
43%
Sydenham
43%
Silver Street
29%
Southall
29%
Southbury
29%
South Hampstead
29%
South Woodford
29%
Stepney Green
29%
Surrey Quays
29%
Sandilands
14%
Seven Kings
14%
No matching quizzes found
Score Distribution
Percent of People with Each Score
Percentile by Number Answered
Your Score History
You have not taken this quiz